[Event "Titled Tuesday intern op 04th Mar Early"]
[Site "Chess.com INT"]
[Date "2025.03.04"]
[Round "2"]
[White "Weetik, Vjacheslav"]
[Black "Dhananjay, S."]
[Result "0-1"]
[WhiteElo "2423"]
[BlackElo "2250"]
[PlyCount "88"]
[EventDate "2025.03.04"]
[EventType "swiss (blitz)"]
[EventRounds "11"]
[EventCountry "USA"]
[SourceTitle "CB11_2025"]
[SourceDate "2025.03.12"]
[SourceVersion "1"]
[SourceVersionDate "2025.03.12"]
[SourceQuality "1"]

1. d4 Nf6 2. Nf3 e6 3. Bf4 c5 4. e3 cxd4 5. exd4 b6 6. h3 Ba6 7. Bxa6 Nxa6 8. 0-0 Be7 9. Re1 0-0 10. c3 d6 11. a4 Qd7 12. Na3 Nc7 13. Qb3 Rfb8 14. Bh2 Qc6 15. Nb5 a6 16. Nxc7 Qxc7 17. Ng5 h6 18. Nxe6 fxe6 19. Rxe6 Kh8 20. Rae1 Re8 21. Qc2 Bf8 22. Qg6 Rxe6 23. Rxe6 Qc4 24. Qf7 Re8 25. Qxe8 Nxe8 26. Rxe8 Qf7 27. Rb8 Kh7 28. Bg3 b5 29. axb5 axb5 30. Rxb5 Be7 31. Rb7 Qe6 32. d5 Qe4 33. c4 h5 34. h4 Bxh4 35. b3 Bxg3 36. fxg3 Kh6 37. Rd7 Qe1+ 38. Kh2 Qe5 39. Rf7 h4 40. Rf3 hxg3+ 41. Kh3 Kh5 42. Rxg3 Qf5+ 43. Kh2 Qf4 44. b4 Kh4 0-1

[Event "Madurai Athens of the East op-A 4th"]
[Site "Madurai"]
[Date "2024.12.28"]
[Round "7"]
[White "Dhananjay, S."]
[Black "Tologontegin, Semetey"]
[Result "0-1"]
[WhiteElo "2233"]
[BlackElo "2358"]
[PlyCount "100"]
[EventDate "2024.12.24"]
[EventType "swiss"]
[EventRounds "10"]
[EventCountry "IND"]
[SourceTitle "CB02_2025"]
[SourceDate "2025.01.08"]
[SourceVersion "1"]
[SourceVersionDate "2025.01.08"]
[SourceQuality "1"]

1. e4 Nc6 2. Nf3 d6 3. d4 Nf6 4. Nc3 Bg4 5. Bb5 Nd7 6. d5 Ncb8 7. Be3 c6 8. Be2 c5 9. Qd2 Qa5 10. a4 g6 11. Bh6 Bxh6 12. Qxh6 Nf6 13. 0-0 Bxf3 14. Bxf3 Nbd7 15. Ra3 a6 16. Be2 Rg8 17. Qe3 g5 18. Nb1 Ne5 19. Nd2 Rb8 20. c3 Kf8 21. Kh1 Rg6 22. f4 gxf4 23. Qxf4 Kg8 24. Nf3 Nxf3 25. Bxf3 Qc7 26. Raa1 Rg7 27. Rae1 Nd7 28. Bg4 Ne5 29. Be2 Kh8 30. g3 Rbg8 31. Qd2 Qd7 32. Kg2 Qxa4 33. Bd1 Qb5 34. b3 Qd7 35. c4 b5 36. Be2 bxc4 37. bxc4 Qa4 38. Qc3 Qb4 39. Qxb4 cxb4 40. Ra1 Ra8 41. Rfb1 a5 42. Rxb4 axb4 43. Rxa8+ Rg8 44. Ra5 Rb8 45. Rb5 Rxb5 46. cxb5 b3 47. Bd1 b2 48. Bc2 Nc4 49. Bd3 Kg7 50. Kf3 Ne5+ 0-1

[Event "Polanica Zdroj op 60th"]
[Site "Polanica Zdroj"]
[Date "2024.08.23"]
[Round "7"]
[White "Dhananjay, S."]
[Black "Li, Guohao"]
[Result "1/2-1/2"]
[WhiteElo "2230"]
[BlackElo "2363"]
[PlyCount "82"]
[EventDate "2024.08.17"]
[EventType "swiss"]
[EventRounds "9"]
[EventCountry "POL"]
[SourceTitle "CBM 221 Extra"]
[Source "ChessBase"]
[SourceDate "2024.09.30"]
[SourceVersion "1"]
[SourceVersionDate "2024.09.30"]
[SourceQuality "1"]

1. c4 e6 2. Nf3 d5 3. e3 Nf6 4. Nc3 c6 5. Qc2 Nbd7 6. b3 Bd6 7. Bb2 0-0 8. Be2 a6 9. Rg1 b5 10. g4 Bb7 11. g5 Ne8 12. h4 e5 13. h5 Qe7 14. Nh4 g6 15. 0-0-0 Ba3 16. hxg6 fxg6 17. Nxg6 Bxb2+ 18. Kxb2 hxg6 19. Qxg6+ Qg7 20. Qe6+ Qf7 21. Qh3 Nc5 22. Rh1 Qg7 23. b4 Bc8 24. Qg3 Na4+ 25. Nxa4 bxa4 26. Rh6 e4+ 27. Kc2 a3 28. Rb1 Bf5 29. Bg4 Rd8 30. Bxf5 Rxf5 31. Rbh1 Qb2+ 32. Kd1 Qb1+ 33. Ke2 Qd3+ 34. Ke1 dxc4 35. Rh8+ Kf7 36. R1h7+ Ke6 37. Rh6+ Kd5 38. Rg8 Ng7 39. Rxg7 Qb1+ 40. Ke2 Qd3+ 41. Ke1 Qb1+ 1/2-1/2

[Event "Wroclaw Anderssen Memorial op"]
[Site "Wroclaw"]
[Date "2024.08.15"]
[Round "9"]
[White "Dhananjay, S."]
[Black "Stachowiak, Kamil"]
[Result "1-0"]
[WhiteElo "2230"]
[BlackElo "2428"]
[PlyCount "115"]
[EventDate "2024.08.15"]
[EventType "swiss (blitz)"]
[EventRounds "9"]
[EventCountry "POL"]
[SourceTitle "CBM 221 Extra"]
[Source "ChessBase"]
[SourceDate "2024.09.30"]
[SourceVersion "1"]
[SourceVersionDate "2024.09.30"]
[SourceQuality "1"]

1. e4 c5 2. Nf3 e6 3. b3 Nc6 4. Bb2 d6 5. d4 cxd4 6. Nxd4 Bd7 7. c4 Nf6 8. Nc3 a6 9. Be2 Be7 10. 0-0 0-0 11. Qd3 Qb6 12. Rfd1 Qxd4 13. Qxd4 Nxd4 14. Rxd4 Bc6 15. Bf3 b5 16. Ba3 e5 17. Rdd1 Rfd8 18. Nd5 Bxd5 19. cxd5 a5 20. b4 Nd7 21. Be2 Rdb8 22. Rdc1 axb4 23. Bxb4 Nc5 24. f3 Bg5 25. Rc2 Be3+ 26. Kf1 g6 27. Rb1 h5 28. Bxc5 Bxc5 29. Rxb5 Rxb5 30. Bxb5 Ra3 31. Ke2 Kg7 32. Bc4 f5 33. Bb3 h4 34. Kd3 Kf6 35. Kc4 Kg5 36. Kb5 Ra8 37. Kc6 Kf6 38. Kb5 Rb8+ 39. Kc4 Rb4+ 40. Kc3 fxe4 41. fxe4 Rxe4 42. a4 Bb4+ 43. Kd3 Re1 44. Rc4 Ba5 45. Re4 Rg1 46. Rg4 Kf5 47. h3 Re1 48. Bc2 g5 49. Kc4+ e4 50. Kb5 Bd2 51. a5 Ra1 52. a6 Ke5 53. Rxe4+ Kxd5 54. Re2 Bc3 55. Bb3+ Kd4 56. Ra2 Rb1 57. a7 Rxb3+ 58. Kc6 1-0

[Event "Wroclaw Anderssen Memorial op"]
[Site "Wroclaw"]
[Date "2024.08.15"]
[Round "4"]
[White "Kowalski, Igor"]
[Black "Dhananjay, S."]
[Result "1/2-1/2"]
[WhiteElo "2373"]
[BlackElo "2230"]
[PlyCount "185"]
[EventDate "2024.08.15"]
[EventType "swiss (blitz)"]
[EventRounds "9"]
[EventCountry "POL"]
[SourceTitle "CBM 221 Extra"]
[Source "ChessBase"]
[SourceDate "2024.09.30"]
[SourceVersion "1"]
[SourceVersionDate "2024.09.30"]
[SourceQuality "1"]

1. d4 Nf6 2. c4 e6 3. Nf3 Bb4+ 4. Bd2 Bxd2+ 5. Qxd2 0-0 6. Nc3 d5 7. e3 c6 8. Bd3 Nbd7 9. 0-0 b6 10. e4 dxe4 11. Nxe4 Qc7 12. Rfe1 h6 13. Ne5 Rd8 14. Nxd7 Nxe4 15. Rxe4 Qxd7 16. Rae1 Qe7 17. Qf4 Bb7 18. h3 Rac8 19. Qg3 Qd6 20. Qe3 Kf8 21. Bc2 c5 22. d5 exd5 23. cxd5 Bxd5 24. Re7 Be6 25. Rxa7 Qd4 26. Qf3 Qf6 27. Qxf6 gxf6 28. Re3 Rd2 29. Bh7 Rcd8 30. b3 R8d6 31. Rg3 Rd7 32. Rg8+ Ke7 33. Ra6 Rd1+ 34. Kh2 R1d6 35. Be4 f5 36. Bf3 b5 37. Ra5 Rb6 38. Rh8 Rd2 39. Rxh6 Rxf2 40. Ra7+ Kf8 41. Rh8+ Kg7 42. Raa8 c4 43. Rhg8+ Kf6 44. b4 c3 45. Ra7 Rxa2 46. Rc7 c2 47. h4 Rd6 48. h5 Bd5 49. Bxd5 Rxd5 50. h6 f4 51. Rc6+ Ke7 52. Rgc8 Rh5+ 53. Kg1 Ra1+ 54. Kf2 Rb1 55. Rxc2 Rxh6 56. R8c7+ Kf8 57. Rd2 Rxb4 58. Rdd7 Rf6 59. Kf3 Rb3+ 60. Ke4 Re3+ 61. Kd4 b4 62. Rb7 b3 63. Kc4 Kg7 64. Kd4 Kg6 65. Rd8 Rfe6 66. Rf8 Re7 67. Rb6+ Kf5 68. Rb5+ Kf6 69. Rb6+ R7e6 70. Rb7 R3e4+ 71. Kd3 Re3+ 72. Kd4 Re7 73. Rb6+ Kg7 74. Rbb8 Rd7+ 75. Kc4 Rd2 76. Rg8+ Kf6 77. Rb6+ Kf5 78. Rb5+ Ke6 79. Re8+ Kd7 80. Rxe3 fxe3 81. Rxb3 Rxg2 82. Rd3+ Ke6 83. Rxe3+ Kf5 84. Rf3+ Kg6 85. Kd3 f5 86. Ke3 Kg5 87. Rh3 Ra2 88. Rh8 Ra3+ 89. Kf2 Kg4 90. Rg8+ Kf4 91. Rb8 Ra2+ 92. Kf1 Kg4 93. Rb3 1/2-1/2

[Event "Wroclaw op-A"]
[Site "Wroclaw"]
[Date "2024.08.12"]
[Round "7"]
[White "Madrawski, Krzysztof"]
[Black "Dhananjay, S."]
[Result "0-1"]
[WhiteElo "2078"]
[BlackElo "2230"]
[PlyCount "78"]
[EventDate "2024.08.08"]
[EventType "swiss"]
[EventRounds "9"]
[EventCountry "POL"]
[SourceTitle "EXT 2025"]
[Source "ChessBase"]
[SourceDate "2024.10.14"]
[SourceVersion "1"]
[SourceVersionDate "2024.10.14"]
[SourceQuality "1"]

1. c4 Nf6 2. Nf3 e6 3. g3 b6 4. Bg2 Bb7 5. 0-0 Be7 6. Nc3 0-0 7. d4 Ne4 8. Qc2 Nxc3 9. Qxc3 d6 10. Qd3 f5 11. b4 Bf6 12. Bb2 Qe7 13. a4 Be4 14. Qb3 a5 15. b5 Nd7 16. Rac1 Kh8 17. Ne1 Bxg2 18. Nxg2 Rac8 19. Nf4 g6 20. Rfe1 Rce8 21. e4 fxe4 22. Rxe4 Qf7 23. Rce1 e5 24. dxe5 Bxe5 25. R4e2 Kg8 26. Nd5 Bxb2 27. Qxb2 Ne5 28. Rxe5 Rxe5 29. Rxe5 dxe5 30. f4 exf4 31. Qe5 Qg7 32. gxf4 Qxe5 33. fxe5 Re8 34. Nxc7 Rxe5 35. Na8 Re6 36. Nxb6 Rxb6 37. c5 Rb8 38. c6 Rc8 39. Kf2 Kf7 0-1

[Event "Wroclaw op-A"]
[Site "Wroclaw"]
[Date "2024.08.09"]
[Round "3"]
[White "Rainer, Piotr"]
[Black "Dhananjay, S."]
[Result "0-1"]
[WhiteElo "2046"]
[BlackElo "2230"]
[PlyCount "92"]
[EventDate "2024.08.08"]
[EventType "swiss"]
[EventRounds "9"]
[EventCountry "POL"]
[SourceTitle "EXT 2025"]
[Source "ChessBase"]
[SourceDate "2024.10.14"]
[SourceVersion "1"]
[SourceVersionDate "2024.10.14"]
[SourceQuality "1"]

1. e4 c5 2. Nf3 Nc6 3. d4 cxd4 4. Nxd4 e6 5. Nc3 Qc7 6. Nb3 a6 7. Be3 Nf6 8. f4 Bb4 9. Bd3 e5 10. 0-0 Bxc3 11. bxc3 0-0 12. fxe5 Nxe5 13. Bd4 d6 14. Qe1 Ne8 15. Qg3 Be6 16. Nd2 f6 17. a4 Rf7 18. Rfb1 Rc8 19. Nf1 f5 20. exf5 Bxf5 21. Ne3 Bxd3 22. cxd3 Nc6 23. Bb6 Qd7 24. Ng4 Qe6 25. Rf1 Ne5 26. Rxf7 Kxf7 27. Rf1+ Kg8 28. Qf2 h6 29. Nxe5 dxe5 30. d4 e4 31. d5 Qxd5 32. Qf8+ Kh7 33. Bd4 Kg6 34. h4 h5 35. Kh1 Qd7 36. g4 Nd6 37. Qf4 Kh7 38. gxh5 Rc7 39. Be5 Qh3+ 40. Kg1 Rf7 41. Qxf7 Qg4+ 42. Kh1 Nxf7 43. Rxf7 Qxh4+ 44. Kg2 Qg5+ 45. Bg3 Qd2+ 46. Rf2 e3 0-1

[Event "Kavala op-A 33rd"]
[Site "Kavala"]
[Date "2024.08.05"]
[Round "9"]
[White "Giannoulakis, Labros"]
[Black "Dhananjay, S."]
[Result "1-0"]
[WhiteElo "2334"]
[BlackElo "2230"]
[PlyCount "33"]
[EventDate "2024.07.29"]
[EventType "swiss"]
[EventRounds "9"]
[EventCountry "GRE"]
[SourceTitle "EXT 2025"]
[Source "ChessBase"]
[SourceDate "2024.10.14"]
[SourceVersion "1"]
[SourceVersionDate "2024.10.14"]
[SourceQuality "1"]

1. d4 Nf6 2. c4 c5 3. d5 b5 4. cxb5 a6 5. bxa6 g6 6. Nc3 Bg7 7. e4 0-0 8. Be2 Qa5 9. Bd2 Bxa6 10. e5 Ne8 11. Nf3 Qc7 12. Bxa6 Nxa6 13. Qe2 Nb4 14. 0-0 Nc2 15. d6 Qd8 16. Bg5 f6 17. Nd5 1-0

[Event "Suwalki Warakomska Memorial 8th"]
[Site "Suwalki"]
[Date "2024.07.23"]
[Round "7"]
[White "Karwowski, Kacper"]
[Black "Dhananjay, S."]
[Result "1/2-1/2"]
[WhiteElo "2155"]
[BlackElo "2207"]
[PlyCount "77"]
[EventDate "2024.07.18"]
[EventType "swiss"]
[EventRounds "9"]
[EventCountry "POL"]
[SourceTitle "EXT 2025"]
[Source "ChessBase"]
[SourceDate "2024.10.14"]
[SourceVersion "1"]
[SourceVersionDate "2024.10.14"]
[SourceQuality "1"]

1. e4 c6 2. d4 d5 3. exd5 cxd5 4. c4 Nf6 5. Nc3 Nc6 6. Bg5 dxc4 7. d5 Ne5 8. Nf3 Qd6 9. Bf4 Nxf3+ 10. Qxf3 e5 11. Qe2 Nd7 12. Bg3 Be7 13. Qxc4 0-0 14. Be2 a6 15. 0-0 f5 16. f4 Bf6 17. a4 exf4 18. Bxf4 Be5 19. a5 Bxf4 20. Qxf4 Ne5 21. Na4 Bd7 22. Nb6 Rae8 23. b4 Bb5 24. Bxb5 axb5 25. Kh1 Rd8 26. h3 g6 27. Rad1 Rfe8 28. Rf2 Nf7 29. Rc1 Re4 30. Qxd6 Nxd6 31. Rc7 Rxb4 32. Nd7 Ne4 33. Rf4 Ra4 34. Kh2 Rxa5 35. Rxe4 Rxd7 36. d6 fxe4 37. Rxd7 Ra6 38. Kg3 b4 39. Rxb7 1/2-1/2

[Event "Suwalki Warakomska Memorial 8th"]
[Site "Suwalki"]
[Date "2024.07.22"]
[Round "6"]
[White "Dhananjay, S."]
[Black "Harikrishnan, A Ra"]
[Result "0-1"]
[WhiteElo "2207"]
[BlackElo "2502"]
[PlyCount "56"]
[EventDate "2024.07.18"]
[EventType "swiss"]
[EventRounds "9"]
[EventCountry "POL"]
[SourceTitle "EXT 2025"]
[Source "ChessBase"]
[SourceDate "2024.10.14"]
[SourceVersion "1"]
[SourceVersionDate "2024.10.14"]
[SourceQuality "1"]

1. e4 Nf6 2. e5 Nd5 3. d4 d6 4. c4 Nb6 5. exd6 cxd6 6. Nc3 g6 7. h3 Bg7 8. Nf3 0-0 9. Be2 Nc6 10. 0-0 Bf5 11. d5 Na5 12. Nd4 Naxc4 13. a4 Na5 14. Nxf5 gxf5 15. Re1 e6 16. Bf1 Bxc3 17. bxc3 Nxd5 18. c4 Nc3 19. Qh5 Ne4 20. Ra3 Kh8 21. c5 dxc5 22. Bb2+ f6 23. f3 Qd2 24. Rxe4 fxe4 25. Bc3 Qe3+ 26. Kh2 Qf4+ 27. Kg1 exf3 28. Bxa5 f2+ 0-1

[Event "Warsaw Najdorf Memorial op-A"]
[Site "Warsaw"]
[Date "2024.07.14"]
[Round "6"]
[White "Dhananjay, S."]
[Black "Praczukowski, Stanislaw"]
[Result "1-0"]
[WhiteElo "2207"]
[BlackElo "2086"]
[PlyCount "147"]
[EventDate "2024.07.09"]
[EventType "swiss"]
[EventRounds "9"]
[EventCountry "POL"]
[SourceTitle "EXT 2025"]
[Source "ChessBase"]
[SourceDate "2024.10.14"]
[SourceVersion "1"]
[SourceVersionDate "2024.10.14"]
[SourceQuality "1"]

1. e4 c6 2. Nc3 d5 3. Nf3 Nf6 4. e5 Ne4 5. Ne2 Qb6 6. d4 e6 7. Ng3 c5 8. Bd3 Nxg3 9. fxg3 h6 10. 0-0 Nc6 11. dxc5 Bxc5+ 12. Kh1 Bd7 13. Qe2 Nb4 14. Ne1 Nxd3 15. Nxd3 Bb5 16. Qg4 g6 17. Bd2 Be7 18. Qf3 Rh7 19. a4 Bxd3 20. Qxd3 Bg5 21. Bc3 h5 22. Bd4 Qc6 23. Rf3 Rc8 24. c3 a6 25. Raf1 Qc4 26. Qd1 Kf8 27. b3 Qc7 28. h4 Bh6 29. Qb1 Kg8 30. b4 Bf8 31. b5 a5 32. b6 Qd7 33. Qb3 Rc4 34. Ra1 Be7 35. Rf4 Kg7 36. Raf1 Kg8 37. Be3 Rxf4 38. Rxf4 g5 39. Rd4 Bc5 40. Bxg5 Bxd4 41. cxd4 Qc6 42. Bf6 Qc4 43. Qe3 Kf8 44. Qg5 Qb4 45. Kh2 Qa3 46. Qd2 Qxa4 47. Qc3 Qe8 48. Qxa5 Rh6 49. Qc5+ Kg8 50. Qc7 Qa8 51. Bd8 Rg6 52. Qe7 Kg7 53. Qe8 Qa3 54. Bf6+ Rxf6 55. exf6+ Kxf6 56. Qh8+ Ke7 57. Qxh5 Qb2 58. Qg5+ Ke8 59. h5 Qxd4 60. h6 Qh8 61. Qg7 Qf8 62. Qf6 Qg8 63. Kh1 Qh7 64. Qg5 Kd7 65. g4 Kc6 66. Qg7 Qe4 67. Kh2 Qe1 68. Qf6 Qe4 69. Qf3 Qg6 70. Qc3+ Kxb6 71. Qg7 Qe4 72. h7 Qf4+ 73. Kh3 Qf1 74. h8Q 1-0

[Event "Titled Tuesday intern op 19th Mar Early"]
[Site "Chess.com INT"]
[Date "2024.03.19"]
[Round "8"]
[White "Dhananjay, S."]
[Black "Jumabayev, Rinat"]
[Result "0-1"]
[WhiteElo "2206"]
[BlackElo "2598"]
[PlyCount "82"]
[EventDate "2024.03.19"]
[EventType "swiss (blitz)"]
[EventRounds "11"]
[EventCountry "USA"]
[SourceTitle "EXT 2025"]
[Source "ChessBase"]
[SourceDate "2024.10.14"]
[SourceVersion "1"]
[SourceVersionDate "2024.10.14"]
[SourceQuality "1"]

1. e4 c5 2. Nf3 d6 3. d4 cxd4 4. Qxd4 Nf6 5. Be2 Nc6 6. Qe3 g6 7. h3 Bg7 8. 0-0 0-0 9. Rd1 Qb6 10. Nc3 Be6 11. Qg5 Nb4 12. Bd3 h6 13. Qh4 g5 14. Qg3 Nh5 15. Qh2 Rac8 16. Be3 Qa5 17. Nd4 Be5 18. g3 Nxd3 19. cxd3 Qb4 20. Nb3 Bxb3 21. axb3 Qxb3 22. d4 Bg7 23. Rd2 a6 24. g4 Nf6 25. f3 Rc4 26. h4 Nh7 27. Rad1 Rfc8 28. Rc2 b5 29. Rcd2 e6 30. Rd3 Qb4 31. hxg5 hxg5 32. e5 d5 33. f4 gxf4 34. Qxf4 Qe7 35. Ne2 f6 36. Qg3 fxe5 37. dxe5 Re4 38. Qg2 Bxe5 39. Bd4 Qg5 40. Bxe5 Qxe5 41. Nd4 Ng5 0-1

[Event "Titled Tuesday intern op 19th Mar Early"]
[Site "Chess.com INT"]
[Date "2024.03.19"]
[Round "6"]
[White "Dhananjay, S."]
[Black "Martinez Ramirez, Lennis"]
[Result "1-0"]
[WhiteElo "2206"]
[BlackElo "2450"]
[PlyCount "91"]
[EventDate "2024.03.19"]
[EventType "swiss (blitz)"]
[EventRounds "11"]
[EventCountry "USA"]
[SourceTitle "EXT 2025"]
[Source "ChessBase"]
[SourceDate "2024.10.14"]
[SourceVersion "1"]
[SourceVersionDate "2024.10.14"]
[SourceQuality "1"]

1. e4 c5 2. Nf3 d6 3. d4 cxd4 4. Qxd4 a6 5. Be2 Nc6 6. Qe3 Nf6 7. h3 e6 8. 0-0 Be7 9. Rd1 Qc7 10. c4 Ne5 11. b3 0-0 12. Bb2 Bd7 13. Nc3 Bc6 14. Nd4 Ng6 15. Rac1 Bd7 16. g3 Rad8 17. h4 Rfe8 18. h5 Nf8 19. h6 g6 20. f3 Qb8 21. g4 Bc8 22. g5 Nh5 23. f4 Nxf4 24. Qxf4 e5 25. Qf2 Bxg5 26. Nd5 Nd7 27. Rf1 Rf8 28. Nc2 Bxh6 29. Rcd1 Bg7 30. Nce3 Rde8 31. Bg4 f6 32. Qg2 Nc5 33. Bxc8 Qxc8 34. Ng4 Nd7 35. Bc1 h5 36. Nf2 Kh7 37. Be3 Nc5 38. Kh1 Ne6 39. Rg1 g5 40. Qh3 Nf4 41. Qh2 Kg6 42. Bxf4 Rh8 43. Bxg5 fxg5 44. Rxg5+ Kxg5 45. Rg1+ Kh6 46. Qg3 1-0